| 000 | 00395nam a2200157Ia 4500 | ||
|---|---|---|---|
| 008 | 210210b1968 xxu||||| |||| 00| 0 eng d | ||
| 041 | _aeng | ||
| 082 | _a395 BOLC | ||
| 100 | _aBOLTON (John) and MARY. | ||
| 245 | _aComplete book of etiquette. | ||
| 260 |
_aNew York. _bW Foulsham & Co Ltd., _c1968 |
||
| 300 | _a128 | ||
| 650 | _aEtiquette Manners | ||
| 690 | _aEtiquette | ||
| 906 | _a027117 | ||
| 999 |
_c78417 _d78417 |
||